| Tag |
First Indicator |
Second Indicator |
Subfields |
| LEADER |
00000cam a22000008i 4500 |
| 001 |
in00000068203 |
| 005 |
20151008051348.0 |
| 008 |
800108s1979 dcua b f00010 eng |
| 010 |
|
|
|a 79607910
|
| 020 |
|
|
|a 0309029759
|
| 035 |
|
|
|a (OCoLC)05943907
|
| 035 |
|
|
|9 AAG7402AM
|
| 040 |
|
|
|a DLC
|c DLC
|d TXA
|d UtOrBLW
|
| 049 |
|
|
|a TXAM
|c [1405519]
|
| 050 |
0 |
0 |
|a TE7
|b .H5 no. 725
|a TE250
|
| 082 |
0 |
|
|a 380.5 s
|a 625.8
|
| 110 |
2 |
|
|a National Research Council (U.S.).
|b Transportation Research Board.
|
| 245 |
1 |
0 |
|a Pavement systems :
|b assessment of load effects, design, and bases /
|c Transportation Research Board, Commission on Sociotechnical Systems, National Research Council ; [edited for TRB by Mary McLaughlin].
|
| 263 |
|
|
|a 7912
|
| 264 |
|
1 |
|a Washington, D.C. :
|b National Academy of Sciences,
|c 1979.
|
| 300 |
|
|
|a iii, 88 pages :
|b illustrations ;
|c 28 cm.
|
| 336 |
|
|
|a text
|b txt
|2 rdacontent
|
| 337 |
|
|
|a unmediated
|b n
|2 rdamedia
|
| 338 |
|
|
|a volume
|b nc
|2 rdacarrier
|
| 490 |
1 |
|
|a Transportation research record ;
|v 725
|
| 500 |
|
|
|a Reports prepared for the 58th annual meeting of the Transportation Research Board.
|
| 504 |
|
|
|a Includes bibliographies.
|
| 650 |
|
0 |
|a Pavements
|x Live loads.
|
| 650 |
|
0 |
|a Pavements
|x Design and construction.
|
| 650 |
|
0 |
|a Roads
|x Base courses.
|
| 700 |
1 |
|
|a McLaughlin, Mary.
|
| 830 |
|
0 |
|a Transportation research record ;
|v 725.
|
| 999 |
|
|
|a MARS
|
| 999 |
f |
f |
|s 18b2a229-a401-3cc3-ab69-06f67035672a
|i 2d1bc97e-068b-356b-b7f4-a63a41197ef9
|t 0
|
| 952 |
f |
f |
|p normal
|a Texas A&M University
|b College Station
|c Sterling C. Evans Library
|d Evans: Library Stacks
|t 0
|e TE7 .H5 no.722-727
|h Library of Congress classification
|i unmediated -- volume
|m A14826954313
|
| 998 |
f |
f |
|a TE7 .H5 no.722-727
|t 0
|l Evans: Library Stacks
|